000 00501nam a22001937a 4500
999 _c27621
_d27621
003 OSt
005 20250213102012.0
008 250213b ||||| |||| 00| 0 eng d
040 _cimukc
041 _aeng
082 _a821.8
_bY41
100 _95737
_aYeats, W. B.
245 _aThe Collected poems of W.B.Yeats /
_cW. B. Yeats
250 _a1st ed.
260 _aLondon :
_bMacmillan and Company Limited,
_c1961.
300 _axviii, 565 p.
650 0 _95738
_aEnglish poetry
942 _2ddc
_cBK